General Knowledge #13 - Statistics

General Stats
  • This quiz has been taken 34 times
  • The average score is 11 of 15
Answer Stats
Question Answer % Correct
Which large cat, native to Africa and Iran, is said to be the fastest land mammal? Cheetah
97%
François Mitterrand is the longest serving President of which country? France
90%
Honshu is the largest & most populous of the 6,852 islands of which country? Japan
90%
Which UK Prime Minister was awarded the Nobel Prize for Literature in 1953? Winston Churchill
90%
Liebfraumilch is a style of semi-sweet white from which European country? Germany
86%
In Greek mythology, who was the god of the dead and king of the underworld? Hades
83%
What is the chemical symbol for the element Lead? Pb
83%
In which year did the Battle of Hastings take place? 1066
76%
Which Brit won the Wimbledon Men’s Singles Championship in 2013 and 2016? Andy Murray
72%
Which fourteenth century English poet and author wrote The Canterbury Tales? Geoffrey Chaucer
69%
Which country singer was sometimes nicknamed ‘The Man In Black’? Johnny Cash
69%
Which director made cameo appearances in forty of his films, his first such appearance being in The Lodger (1927) and his last being in Family Plot (1976)? Alfred Hitchcock
66%
Who composed the English-language oratorio Messiah, first performed in 1742? George Frideric Handel
55%
Arrival, Ring Ring and Voulez-Vous were all 1970s albums for which music act? ABBA
48%
The TV series The Wire depicted various aspects of life in which US city? Baltimore
31%
No matching quizzes found
Score Distribution
Percent of People with Each Score
Percentile by Number Answered
Your Score History
You have not taken this quiz